000 00748nam a2200181Ia 4500
008 090124s9999 xx 000 0 und d
082 _b26735
_a2923
100 _aपाठक सरिता
245 _a भारतीय शास्त्रज्ञ (विविध व्यक्तिची चरित्र)
250 _a1
260 _c1992
300 _a99
600 _aपाठक सरिता
630 _a भारतीय शास्त्रज्ञ (विविध व्यक्तिची चरित्र)
700 _aपाठक सरिता
730 _a भारतीय शास्त्रज्ञ (विविध व्यक्तिची चरित्र)
942 _cBOOK
999 _c140207
_d140207